00779nam a2200169 a 450000100100000000500170001000800410002702000150006810000290008324502490011224600790036126000720044030000350051270000260054770000230057304000130059600003409120200930070751.0110923s2005 es 000 0 spa d a84000840551 aHeckadon-Moreno, Stanley10aEstudios sobre la biodiversidad de la región de Bahía Honda (Veraguas, Panamá) :b= studies on the biodiversity of the Bahía Honda region (Veraguas, Panama) /cStanley Heckadon-Moreno ; editores Santiago Castroviejo y Alicia Ibañéz.10aStudies on the biodiversity of the Bahía Honda region (Veraguas, Panama) aMadrid :bConsejo Superior de Investigaciones Científicas,c2005. a834 p. :bil., retrs. ;c2005.1 aCastroviejo, Santiago1 aIbañéz, Alicia aDO-SdBNP